Visualizzazione normale
Vista MARC
- Macario Giorgio
di Personal Name
Records bibliografici associati: 4
001 - CONTROL NUMBER
- control field: 57711
003 - CONTROL NUMBER IDENTIFIER
- control field:
005 - DATE AND TIME OF LATEST TRANSACTION
- control field: 20190329152215.0
008 - FIXED-LENGTH DATA ELEMENTS
- fixed length control field: 190329|| aca||aabn | a|a d
040 ## - CATALOGING SOURCE
- Original cataloging agency:
- Transcribing agency:
100 ## - HEADING--PERSONAL NAME
- Personal name: Macario Giorgio
670 ## - SOURCE DATA FOUND
- Source citation: Work cat.: (): Macario Giorgio, Adozioni internazionali e valorizzazione delle reti istituzionali, professionali e naturali, 2016